Najwięksi producenci słodyczy na świecie - Statystyki

Ogólne statystyki
  • Ten quiz został rozwiązany 126 razy
  • Średni wynik to 2 z 7
Statystyki odpowiedzi
Miejsce Producent % Poprawnych
5. Nestle
74%
1. Mars
48%
2. Mondelez
20%
6. Hershey’s
13%
3. Ferrero Group
2%
4. Meiji Seika
0%
7. Pladis
0%
Nie znaleziono quizów pasujących do podanych kryteriów
Rozkład punktacji
Procent ludzi z każdym wynikiem
Percentyl według liczby udzielonych odpowiedzi
Twoja historia wyników
Nie rozwiązałeś tego quizu